000 00446nam a2200145Ia 4500
008 211109s9999||||xx |||||||||||||| ||und||
082 _a891.433
_bSOB-S
100 _aSobti, Krishna
245 0 _aSurajmukhi Andhere Ke
260 _bVANI Prakasan
_aDelhi
_c1972
300 _a134p.
630 _xgeneral stack
650 _aLiterature & rhetoric
_vLiteratures of other languages
_x East Indo-European & Celtic literaturesGeneralia
942 _cBOOK
999 _c53670
_d53670